Central Library OPAC University of Rajshahi

সূর্যসনাথ রবীন্দ্রনাথ / (Record no. 41583)

MARC details
000 -LEADER
fixed length control field 00892nam a2200229 a 4500
001 - CONTROL NUMBER
control field 41583
003 - CONTROL NUMBER IDENTIFIER
rucl marc code BD-RjUL
005 - DATE AND TIME OF LATEST TRANSACTION
control field 20211209053421.0
008 - FIXED-LENGTH DATA ELEMENTS--GENERAL INFORMATION
fixed length control field 160602s1962 i ||||| |||| 00| 0 ben d
020 ## - INTERNATIONAL STANDARD BOOK NUMBER
Terms of availability : IRs. 4.00
035 ## - SYSTEM CONTROL NUMBER
System control number (BD-RjUL)41701
040 ## - CATALOGING SOURCE
Original cataloging agency BD-RjUL
Language of cataloging ben
Transcribing agency BD-RjUL
Modifying agency BD-RjUL
041 ## - LANGUAGE CODE
Language code of text/sound track or separate title ben
082 ## - DEWEY DECIMAL CLASSIFICATION NUMBER
Edition number 23
Classification number 891.4414
Author mark and year BAS 1962
100 ## - MAIN ENTRY--PERSONAL NAME
Personal name বসু, সোমেন্দ্রনাথ
9 (RLIN) 127762
245 10 - TITLE STATEMENT
Title সূর্যসনাথ রবীন্দ্রনাথ /
Statement of responsibility, etc. সোমেন্দ্রনাথ বসু
260 ## - PUBLICATION, DISTRIBUTION, ETC. (IMPRINT)
Place of publication, distribution, etc. কলিকাতা :
Name of publisher, distributor, etc. বুকল্যান্ড,
Date of publication, distribution, etc. ১৯৬২ (১৩৬৯)
300 ## - PHYSICAL DESCRIPTION
Pagination [১০], ১২৪ পৃ. ;
Size ২৩ সেমি.
600 ## - SUBJECT ADDED ENTRY--PERSONAL NAME
Personal name ঠাকুর, রবীন্দ্রনাথ
Dates associated with a name ১৮৬১-১৯৪১
Personal name Tagore, Rabindranath
Dates associated with a name 1861-1941
942 ## - ADDED ENTRY ELEMENTS (KOHA)
Source of classification or shelving scheme Dewey Decimal Classification
Koha item type Books
Holdings
Lost status Source of classification or shelving scheme Damaged status Not for loan Collection code Permanent Location Current Location Shelving location Date acquired Source of acquisition Total Checkouts Full call number Date last seen Copy number Koha item type
  Dewey Decimal Classification   Not For Loan Non-fiction Central Library, University of Rajshahi Central Library, University of Rajshahi Reading Room 25/08/1973 Presented by India Govt.   B 891.4414 BAS 1962 02/06/2016 C-1 Books